<?xml version="1.0" encoding="UTF-8"?>
<record
    xmlns:xsi="http://www.w3.org/2001/XMLSchema-instance"
    xsi:schemaLocation="http://www.loc.gov/MARC21/slim http://www.loc.gov/standards/marcxml/schema/MARC21slim.xsd"
    xmlns="http://www.loc.gov/MARC21/slim">

  <leader>01653nam a22003257a 4500</leader>
  <datafield tag="952" ind1=" " ind2=" ">
    <subfield code="0">0</subfield>
    <subfield code="1">0</subfield>
    <subfield code="2">lcc</subfield>
    <subfield code="4">0</subfield>
    <subfield code="7">0</subfield>
    <subfield code="a">21</subfield>
    <subfield code="b">21</subfield>
    <subfield code="d">2019-02-25</subfield>
    <subfield code="l">0</subfield>
    <subfield code="o">F1219 P58</subfield>
    <subfield code="p">21 004073</subfield>
    <subfield code="r">2019-02-25</subfield>
    <subfield code="t">1</subfield>
    <subfield code="w">2019-02-25</subfield>
    <subfield code="y">LB</subfield>
  </datafield>
  <datafield tag="952" ind1=" " ind2=" ">
    <subfield code="0">0</subfield>
    <subfield code="1">0</subfield>
    <subfield code="2">lcc</subfield>
    <subfield code="4">0</subfield>
    <subfield code="7">0</subfield>
    <subfield code="a">20</subfield>
    <subfield code="b">20</subfield>
    <subfield code="d">2019-03-13</subfield>
    <subfield code="l">1</subfield>
    <subfield code="o">F1219 P58</subfield>
    <subfield code="p">20 004158</subfield>
    <subfield code="r">2024-08-22</subfield>
    <subfield code="s">2020-02-26</subfield>
    <subfield code="t">1</subfield>
    <subfield code="w">2019-03-13</subfield>
    <subfield code="y">LB</subfield>
  </datafield>
  <datafield tag="952" ind1=" " ind2=" ">
    <subfield code="0">0</subfield>
    <subfield code="1">0</subfield>
    <subfield code="2">lcc</subfield>
    <subfield code="4">0</subfield>
    <subfield code="7">0</subfield>
    <subfield code="a">08</subfield>
    <subfield code="b">08</subfield>
    <subfield code="d">2019-02-26</subfield>
    <subfield code="l">1</subfield>
    <subfield code="o">F1219 P58</subfield>
    <subfield code="p">08 006883</subfield>
    <subfield code="r">2022-05-26</subfield>
    <subfield code="s">2022-05-26</subfield>
    <subfield code="t">1</subfield>
    <subfield code="w">2019-03-22</subfield>
    <subfield code="y">LB</subfield>
  </datafield>
  <datafield tag="999" ind1=" " ind2=" ">
    <subfield code="c">103842</subfield>
    <subfield code="d">103842</subfield>
  </datafield>
  <controlfield tag="007">ta</controlfield>
  <controlfield tag="008">190225s2014       ||||| |||| 00| 0 spa d</controlfield>
  <datafield tag="020" ind1=" " ind2=" ">
    <subfield code="a">9786074019407</subfield>
  </datafield>
  <datafield tag="050" ind1=" " ind2=" ">
    <subfield code="a">F1219</subfield>
    <subfield code="b">P58</subfield>
  </datafield>
  <datafield tag="245" ind1="1" ind2="0">
    <subfield code="a">Pluralismo constitucionalismo pueblos indios y Estado nacional en M&#xE9;xico</subfield>
    <subfield code="c"> / Juan Ricardo Jim&#xE9;nez G&#xF3;mez, Enrique Rabell Garc&#xED;a, Gabriela Nieto Castillo coordinadores</subfield>
  </datafield>
  <datafield tag="260" ind1=" " ind2=" ">
    <subfield code="a">M&#xE9;xico</subfield>
    <subfield code="b"> : Universidad Aut&#xF3;noma de Quer&#xE9;taro</subfield>
    <subfield code="b"> Miguel &#xC1;ngel Porr&#xFA;a</subfield>
    <subfield code="c"> , 2014</subfield>
  </datafield>
  <datafield tag="300" ind1=" " ind2=" ">
    <subfield code="a">198 p&#xE1;ginas</subfield>
    <subfield code="c">; 23 cm.</subfield>
  </datafield>
  <datafield tag="490" ind1=" " ind2=" ">
    <subfield code="a">La Historia</subfield>
  </datafield>
  <datafield tag="500" ind1=" " ind2=" ">
    <subfield code="a">Incluye:
Presentaci&#xF3;n
Siglas
&#xCD;ndice de contenido</subfield>
  </datafield>
  <datafield tag="504" ind1=" " ind2=" ">
    <subfield code="a">Fuentes consultadas (p&#xE1;gina 191)</subfield>
  </datafield>
  <datafield tag="505" ind1=" " ind2=" ">
    <subfield code="a">Los indios en Quer&#xE9;taro durante el siglo XIX.
La presencia discreta de los jesuitas novohispanos.
Pautas culturales y ling&#xFC;&#xED;sticas de los otom&#xED;es de Guanajuato en el pasado y presente.
Indios y multiculturalidad en Quer&#xE9;taro.
Autonom&#xED;a o derechos humanos.</subfield>
  </datafield>
  <datafield tag="519" ind1=" " ind2=" ">
    <subfield code="a">Material Complementario /</subfield>
    <subfield code="d">(21 004073)
</subfield>
  </datafield>
  <datafield tag="519" ind1=" " ind2=" ">
    <subfield code="a">Material Complementario / </subfield>
    <subfield code="d">(20 004158)</subfield>
  </datafield>
  <datafield tag="519" ind1=" " ind2=" ">
    <subfield code="a">Material Complementario / </subfield>
    <subfield code="d">(08 006883)</subfield>
  </datafield>
  <datafield tag="519" ind1=" " ind2=" ">
    <subfield code="a">Material Complementario / </subfield>
    <subfield code="d">(24 001368)</subfield>
  </datafield>
  <datafield tag="650" ind1=" " ind2="0">
    <subfield code="a">INDIOS DE M&#xC9;XICO</subfield>
  </datafield>
  <datafield tag="650" ind1=" " ind2="0">
    <subfield code="a">CONDICIONES SOCIALES</subfield>
    <subfield code="z">MEXICO</subfield>
  </datafield>
  <datafield tag="650" ind1=" " ind2="0">
    <subfield code="a">OTOM&#xCD;ES</subfield>
    <subfield code="z">M&#xC9;XICO</subfield>
  </datafield>
  <datafield tag="700" ind1=" " ind2=" ">
    <subfield code="a">Jim&#xE9;nez G&#xF3;mez, Juan Ricardo</subfield>
    <subfield code="e">coordinador</subfield>
  </datafield>
  <datafield tag="700" ind1=" " ind2=" ">
    <subfield code="a">Rabell Garc&#xED;a, Enrique</subfield>
    <subfield code="e">coordinador</subfield>
  </datafield>
  <datafield tag="700" ind1=" " ind2=" ">
    <subfield code="a">Nieto Castillo, Gabriela</subfield>
    <subfield code="e">coordinadora</subfield>
  </datafield>
  <datafield tag="942" ind1=" " ind2=" ">
    <subfield code="2">lcc</subfield>
    <subfield code="c">LB</subfield>
  </datafield>
</record>
